channel ORANGE - Frank Ocean - Statistics

General Stats
  • This quiz has been taken 234 times
  • The average score is 13 of 17
Answer Stats
Track # Answer % Correct
10 Pyramids
92%
2 Thinkin Bout You
88%
7 Super Rich Kids (featuring Earl Sweatshirt)
85%
15 Pink Matter (featuring André 3000)
83%
17 End/Golden Girl (featuring Tyler, the Creator)
80%
11 Lost
80%
1 Start
77%
14 Bad Religion
75%
16 Forrest Gump
73%
13 Monks
72%
4 Sierra Leone
72%
5 Sweet Life
72%
9 Crack Rock
70%
8 Pilot Jones
66%
3 Fertilizer
64%
12 White (featuring John Mayer)
64%
6 Not Just Money
46%
No matching quizzes found
Score Distribution
Percent of People with Each Score
Percentile by Number Answered
Your Score History
You have not taken this quiz